<?xml version="1.0" encoding="UTF-8"?>
<collection xmlns="http://www.loc.gov/MARC21/slim">
    <record>
        <controlfield tag="001">30463</controlfield>
        <controlfield tag="005">20190213140313.0</controlfield>
        <datafield tag="037" ind1=" " ind2=" ">
            <subfield code="a">NORMAS-2014-187</subfield>
        </datafield>
        <datafield tag="245" ind1=" " ind2=" ">
            <subfield code="a">Instituto de Ciencias de la Educación</subfield>
        </datafield>
        <datafield tag="260" ind1=" " ind2=" ">
            <subfield code="a">Zaragoza</subfield>
            <subfield code="b">Consejo de Gobierno de la Universidad de Zaragoza</subfield>
            <subfield code="c">2010-02-15</subfield>
        </datafield>
        <datafield tag="650" ind1=" " ind2=" ">
            <subfield code="a">Estructuras</subfield>
        </datafield>
        <datafield tag="650" ind1=" " ind2=" ">
            <subfield code="a">Servicios</subfield>
        </datafield>
        <datafield tag="650" ind1=" " ind2=" ">
            <subfield code="a">ICE</subfield>
        </datafield>
        <datafield tag="653" ind1="1" ind2=" ">
            <subfield code="a">Servicios y otras estructuras</subfield>
        </datafield>
        <datafield tag="653" ind1="1" ind2=" ">
            <subfield code="a">Otras estructuras de la UZ</subfield>
        </datafield>
        <datafield tag="700" ind1=" " ind2=" ">
            <subfield code="a">Consejo de Gobierno de la Universidad de Zaragoza</subfield>
        </datafield>
        <datafield tag="856" ind1="0" ind2=" ">
            <subfield code="f">secregen@unizar.es</subfield>
        </datafield>
        <datafield tag="856" ind1="4" ind2=" ">
            <subfield code="s">20927</subfield>
            <subfield code="u">http://zaguan.unizar.es/record/30463/files/Reglamento%20del%20ICE%202010.pdf</subfield>
            <subfield code="z">3</subfield>
        </datafield>
        <datafield tag="856" ind1="4" ind2=" ">
            <subfield code="s">31300</subfield>
            <subfield code="u">http://zaguan.unizar.es/record/30463/files/Modificaci%C3%B3n%20Reglamento%20ICE%202017.pdf</subfield>
            <subfield code="z">4</subfield>
        </datafield>
        <datafield tag="856" ind1="4" ind2=" ">
            <subfield code="s">34116</subfield>
            <subfield code="u">http://zaguan.unizar.es/record/30463/files/Acuerdo%20adecuaci%C3%B3n%20ICE%20a%20los%20Estatutos%202007.pdf</subfield>
            <subfield code="z">1</subfield>
        </datafield>
        <datafield tag="856" ind1="4" ind2=" ">
            <subfield code="s">9553</subfield>
            <subfield code="u">http://zaguan.unizar.es/record/30463/files/Modificaci%C3%B3n%20adecuaci%C3%B3n%20ICE%202009.pdf</subfield>
            <subfield code="z">2</subfield>
        </datafield>
        <datafield tag="920" ind1=" " ind2=" ">
            <subfield code="a">BOUZ 03-10 19/02/2010</subfield>
        </datafield>
        <datafield tag="980" ind1=" " ind2=" ">
            <subfield code="a">NORMAS</subfield>
        </datafield>
    </record>

    
</collection>